Quiz Random - Statistics

Statistiche generali
  • Questo quiz è stato fatto 159 volte
  • Il punteggio medio è 6 su 12
Statistiche sulle risposte
Domanda Risposta % Corretto
Triangolo che ha 2 lati uguali Isoscele
100%
Alimento mangiato a Natale che molti preferiscono al Panettone Pandoro
95%
Capitale portoghese Lisbona
92%
Il più famoso sito web in cui poter guardare video gratis YouTube
92%
A differenza del cammello ha solo una gobba Dromedario
91%
Unica regione italiana a non confinare né con il mare, né con paesi esteri Umbria
91%
Quelle di latino sono molto temute dagli studenti Versioni
90%
Scomparsa di una specie Estinzione
88%
Gonna maschile di tradizione scozzese Kilt
86%
Indovina il film dalle emoji: 🚒🚫👻 Ghostbusters
85%
Ufficio nel quale sono registrati i tuoi dati personali Anagrafe
81%
Erba profumata che si può mettere sulla pizza Basilico
79%
Acido desossiribonucleico DNA
79%
La capitale di Cipro Nicosia
73%
Famoso tempio circolare presente a Roma Pantheon
72%
Elenca almeno un paese che confini con l'Afghanistan
69%
Personaggio dei Simpson, che ama andare i skateboard Bart
68%
Risultato di una divisione Quoziente
68%
Famoso gioco mobile in cui devi saltare e schivare treni Subway Surfers
68%
Tom _______ attore dell'ultimo Spiderman Holland
67%
Il nome del tennista italiano Sinner Jannik
67%
Sport praticato da Ivan Zaytsev Pallavolo
67%
Indovina la band da queste due emoji: 🔫🌹 Guns n' Roses
65%
Animale blu con il cappello nel famoso cartone animato "Phineas e Ferb" Ornitorinco
59%
Mostro che uccise Mirtilla Malcontenta in Harry Potter Basilisco
56%
3° Imperatore Romano, che nominò senatore il suo cavallo Caligola
56%
Disposizione nella guerra dei romani molto famosa Testuggine
55%
Mostro verde di Minecraft che esplode se ti si avvicina Creeper
50%
Cattolico credente che non appartiene allo stato ecclesiastico Laico
50%
Digita il nome di almeno una stato confinante con la Thailandia
48%
Famosi colli veneti di organi vulcanica Colli Euganei
48%
Tecnica usata dai cantanti per arrivare a note molto acute Falsetto
47%
Chi ha detto:"La vita è come una scatola di cioccolatini... non sai mai quello che ti capita" Forrest Gump
45%
Band degli anni 60-70 stata rivale de Beatles Rolling Stones
45%
Ha scritto la tragedia dell'Adelchi Alessandro Manzoni
44%
Unità di misura del sistema internazionale usata per misurare la corrente elettrica Ampere
44%
L'opposto del Nadir Zenit
44%
Famoso wrestler il cui nome in italiano significa "Becchino" Undertaker
43%
Capitano storico del milan Paolo Maldini
39%
E' il romanzo più conosciuto dello scrittore Giovanni Verga (pubblicato nel 1881) Malavoglia
37%
I fusilli sono una pasta tipica di questa regione italiana: ______ Molise
35%
Membro di un corpo militare addetto ai servizi di polizia (in origine nella Francia del '400) Gendarme
34%
Qual è il paese più piccolo che inizia con la lettera "A" Antigua e Barbuda
33%
L'unico oggetto in Minecraft che utilizza 8 lingotti di ferro per essere costruito Corpetto di ferro
33%
Strumento musicale spesso confuso con il vibrafono Xilofono
32%
L'elfo più conosciuto nella saga del Signore degli Anelli Legolas
25%
Nell'universo di Star Wars Jedi che vive su Tatooine conosciuto anche con il nome Ben Obi Wan Kenobi
25%
La carta di Clash Royale con più vita di tutte Golem
22%
Carta di clash royale rara che attacca solo edifici ed è composta da più truppe Maiali Royale
22%
Quale canzone degli Imagine Dragons ha come titolo un pesce molto pericoloso? Sharks
21%
Stato degli Stati Uniti a sud di Washington Oregon
20%
Il terzo miglior tennista per slam vinti (20) Roger Federer
19%
Stesura uniforme del colore Campitura
17%
Quale paese viene prima per grandezza dell'Italia? Oman
14%
L'unica carta di Clash Royale ad iniziare con la lettera "L" Lapide
13%
Trasformano la margherita in viennese Wurstel
13%
Nei templi è lo spazio tra la cella e le colonne antistanti Pronao
12%
Che band ha fatto la canzone "Two Princes"? Spin Doctors
11%
Sede di Galerio durante la Tetrarchia Sirmio
5%
Il suo nome scientifico è Sciurus vulgaris Scoiattolo
0%
Nessun quiz corrispondente trovato
Distribuzione punteggi
Percentuale di utenti per punteggio
Percentile per numero di risposta
I tuoi punteggi nel tempo
Non hai fatto questo quiz